Predstavy vytesané do dreva Sochár Jano Ťapák spätý s vidiekom, prírodou a folklórom

Bibliographic Details
Main Author: Pacanovská, Ľubica (Author)
Format: Article
Language:Slovak
PhysicalDescription:Obr. 1.
Subjects:

MARC

LEADER 00000nab a2200000 a 4500
001 vtls000446155
003 SK-MaSNL
005 20260303184315.0
008 160215c1992 xo 0 slo
015 |a SNBRB19rr/mm-uuuuu 
035 |a CL0446286 
040 |a SNKBUCL  |b slo  |c SNKBUCL  |e AACR2 
041 0 |a slo 
044 |a xo  |c SK 
080 |a 730.071.1:061.4  |2 1981 
080 |a 069.5  |2 1981 
080 |a 069.6.02  |2 1981 
080 |a 73/76  |2 1981 
080 |a 929 Ťapák, Ján  |2 1981 
100 1 |a Pacanovská, Ľubica  |4 aut  |9 925750 
245 1 0 |a Predstavy vytesané do dreva  |b Sochár Jano Ťapák spätý s vidiekom, prírodou a folklórom  |c Ľubica Pacanovská ; Ján Ťapák 
300 |b Obr. 1. 
600 1 7 |a Ťapák, Ján,  |d 1962-  |2 SNKMA  |9 174589 
650 0 7 |a Galéria mesta Bratislavy  |2 snkbucl  |9 1214045 
651 7 |a 5100  |2 snkbucl  |9 166206 
655 7 |a články z novín a časopisov  |2 snkbucl  |9 267496 
773 0 |t Večerník  |g Roč. 37, č. 53 (16. 3. 1992), s. 5 
850 |a Slovenská národná knižnica v Martine  |a MTA001 
852 |a SNK  |b KIS3GCP 
958 |a BX 
958 |a RK 
992 |a RBX 
999 |c 2126338  |d 2128268